000 00749nam a2200253Ia 4500
003 OSt
005 20220927105758.0
006 a|||||r|||| 00| 0
007 ta
008 220926b |||||||| |||| 00| 0 eng d
020 _a9780198092278
024 _a205328
037 _cReference Collections
040 _aRTL
_cRTL
_beng
041 _2eng
_aeng
082 _a"X72.2g, Q4"
100 _aPUROHIT Mahesh C
_9375003
245 0 _aOXFORD HANDBOOK of tax system in India
260 _aNew
_b"Delhi, Oxford University Press, "
_c2014
300 _a"xvii, 404p"
_ccm.
700 _a PUROHIT Vishnu Kanta
_9375004
942 _h"X72.2g, Q4"
_cCC
999 _c694638
_d694638